书目信息 |
| 题名: |
高级英语视听说教程学生用书
|
|
| 作者: | 刘晶 , 王祥兵 主编 ;戴劲 编写 | |
| 分册: | 上 | |
| 出版信息: | 北京 清华大学出版社 2010.08 |
|
| 页数: | 287页 | |
| 开本: | 21cm | |
| 丛书名: | 英语专业系列教材 | |
| 单 册: | ||
| 中图分类: | H319.9 | |
| 科图分类: | ||
| 主题词: | 英语--ying yu--听说教学--高等学校--教材 | |
| 电子资源: | ||
| ISBN: | 978-7-302-22869-1 | |
| 000 | 01461nam 2200325 450 | |
| 001 | B00000075114 | |
| 005 | 20110718130740.59 | |
| 010 | @a978-7-302-22869-1@dCNY22.00 | |
| 100 | @a20100926d2010 em y0chiy50 ea | |
| 101 | 0 | @achi@aeng |
| 102 | @aCN@b110000 | |
| 105 | @aa z 000yy | |
| 106 | @ar | |
| 200 | 1 | @a高级英语视听说教程学生用书@Agao ji ying yu shi ting shuo jiao cheng xue sheng yong shu@d= Advanced audio-visual English course(Second edition)(Student's book 1)@h上@f刘晶, 王祥兵主编@g戴劲 ... [等] 编写@zeng |
| 205 | @a第2版 | |
| 210 | @a北京@c清华大学出版社@d2010.08 | |
| 215 | @a287页@d21cm | |
| 225 | 2 | @a英语专业系列教材@Aying yu zhuan ye xi lie jiao cai |
| 330 | @a本教程精选了涉及英语母语国家政治、经济和文化生活等不同侧面的视频短片作为素材,每单元围绕一段主题片版,精心设计了视前阅读、视前准备和视听训练三大教学环节。选题广泛、选材真实、语言多样化,在练习编排和设计上既重视语言微技能训练,又特别注意培养学生的评判性思维能力和深度跨文化交流能力。 | |
| 333 | @a本教程可供大学英语专业学生使用,也可供其他中、高级英语爱好者使用。 | |
| 410 | 0 | @12001 @a英语专业系列教材 |
| 510 | 1 | @aAdvanced audio-visual English course(Second edition)(Student's book 1)@zeng |
| 586 | @a | |
| 606 | 0 | @a英语@Aying yu@x听说教学@x高等学校@j教材 |
| 690 | @aH319.9@v5 | |
| 701 | 0 | @a刘晶@Aliu jing@4主编 |
| 701 | 0 | @a王祥兵@Awang xiang bing@4主编 |
| 702 | 0 | @a戴劲@Adai jin@4编写 |
| 801 | 0 | @aCN@c20110610 |
| 905 | @dH319.9@eL632:1@f3 | |
| 高级英语视听说教程学生用书= Advanced audio-visual English course(Second edition)(Student's book 1).上/刘晶, 王祥兵主编/戴劲 ... [等] 编写.-第2版.-北京:清华大学出版社,2010.08 |
| 287页;21cm.-(英语专业系列教材) |
| 使用对象:本教程可供大学英语专业学生使用,也可供其他中、高级英语爱好者使用。 |
| ISBN 978-7-302-22869-1:CNY22.00 |
| 本教程精选了涉及英语母语国家政治、经济和文化生活等不同侧面的视频短片作为素材,每单元围绕一段主题片版,精心设计了视前阅读、视前准备和视听训练三大教学环节。选题广泛、选材真实、语言多样化,在练习编排和设计上既重视语言微技能训练,又特别注意培养学生的评判性思维能力和深度跨文化交流能力。 |
| ● |
| 相关链接 |
|
|
|
正题名:高级英语视听说教程学生用书
索取号:H319.9/L632:1
 
预约/预借
| 序号 | 登录号 | 条形码 | 馆藏地/架位号 | 状态 | 备注 |
| 1 | 885744 | 208857441 | 语言库209/209语言库 60排6列4层/ [索取号:H319.9/L632:1] | 在馆 | |
| 2 | 885745 | 208857450 | 语言库209/209语言库 60排6列4层/ [索取号:H319.9/L632:1] | 在馆 | |
| 3 | 885746 | 208857469 | 语言库209/209语言库 60排6列4层/ [索取号:H319.9/L632:1] | 在馆 |